Detalles MARC
| 000 -LÍDER |
| Campo fijo de descripción fija |
01962pam a2200361 i 4500 |
| 001 - NÚMERO DE CONTROL |
| Campo de control |
4852323 |
| 003 - IDENTIFICADOR DEL NÚMERO DE CONTROL |
| Campo de control |
CO-MdFUSB |
| 005 - FECHA Y HORA DE LA ULTIMA TRANSACCIÓN |
| control field |
20180821114127.0 |
| 008 - ELEMENTOS DE LONGITUD FIJA -- INFORMACIÓN GENERAL |
| Campo fijo de descripción fija -- Información general |
910809s1992 nyua g b 001 0 eng |
| 010 ## - NÚMERO DE CONTROL DE LA BIBLIOTECA DEL CONGRESO |
| Número de control LC |
91029562 |
| 020 ## - NÚMERO INTERNACIONAL NORMALIZADO PARA LIBROS |
| Número Internacional Normalizado del libro |
0679401040 : |
| Términos de disponibilidad |
$27.50 |
| 020 ## - NÚMERO INTERNACIONAL NORMALIZADO PARA LIBROS |
| Número Internacional Normalizado del libro |
9780679401049 |
| 040 ## - FUENTE DE CATALOGACIÓN |
| Agencia de catalogación original |
DLC |
| Agencia que realiza la transcripción |
CO-MdFUSB |
| Agencia que realiza la modificación |
CO-MdFUSB |
| Idioma de catalogación |
spa |
| Convenciones de la descripción |
rda |
| 041 ## - CÓDIGO DE IDIOMA |
| Código de idioma para texto/pista de sonido o título separado |
eng |
| 082 00 - NÚMERO DE CLASIFICACIÓN DECIMAL DEWEY |
| Número de la edición del Dewey |
24 |
| Número de clasificación |
G 231.7652 |
| Clave de autor-Numero de item |
N971cr |
| 100 1# - ASIENTO PRINCIPAL--NOMBRE PERSONAL |
| Nombre personal |
Numbers, Ronald L. |
| Término relacionador |
autor |
| 245 14 - TÍTULO |
| Título del Material |
The creationists |
| Parte restante del título - Subtitulo |
: The evolution of scientific creationism |
| Mención de responsabilidad, etc. |
/ Ronald L. Numbers. |
| 250 ## - MENCIÓN DE EDICIÓN |
| Mención de edición |
1st ed. |
| 264 #1 - PRODUCCIÓN, PUBLICACIÓN, DISTRIBUCIÓN, MANUFACTURA, Y COPYRIGHT |
| Lugar de producción, publicación, distribución, manufactura |
New York : |
| Nombre del productor, publicador, distribuidor |
A. A. Knopf , |
| Fecha de producción, publicación, distribución, manufactura, o copyright |
℗1992. |
| 264 #4 - PRODUCCIÓN, PUBLICACIÓN, DISTRIBUCIÓN, MANUFACTURA, Y COPYRIGHT |
| Fecha de producción, publicación, distribución, manufactura, o copyright |
©1992 |
| 300 ## - DESCRIPCIÓN FÍSICA |
| Extensión |
xvii, 458 páginas : |
| Otros detalles físicos |
ilustraciones ; |
| Dimensiones |
24 cm. |
| 336 ## - TIPO DE CONTENIDO |
| Fuente |
rdacontent |
| Término de tipo de contenido |
texto |
| Código de tipo de contenido |
txt |
| 337 ## - TIPO DE MEDIO |
| Fuente |
rdamedia |
| Nombre del tipo de medio |
sin mediación |
| Código del tipo de medio |
n |
| 338 ## - TIPO DE SOPORTE |
| Fuente |
rdacarrier |
| Nombre del tipo de soporte |
volumen |
| Código Tipo de soporte |
nc |
| 501 ## - NOTA DE “CON” |
| Nota de Contenido |
Incluye índice (páginas 439- 458) |
| 505 ## - NOTA DE CONTENIDO |
| Nota de contenido con formato preestablecido |
El creacionismo en la era de Darwin -- George Frederick Wright: del Darwinismo cristiano al fundamentalista -- El creacionismo en la controversia fundamentalista -- Los creacionistas científicos en la era de Bryan -- George McCready Price y el nuevo catastrofismo -- La Asociación Religión y Ciencia -- La sociedad de la geología del diluvio -- Evangelicos y evolución en Gran Bretaña -- Evangelicos y evolución en Norteamérica -- Juan C. Whitcomb, Jr., Henry M. Morris, y la inundación del génesis -- La sociedad de la investigación de la creación -- Ciencia de la creación y el creacionismo científico -- Engaño y discriminación -- Institutos de investigación de la creación -- Creacionismo en las iglesias -- El creacionismo se vuelve global. |
| 650 #7 - ASIENTO SECUNDARIO DE MATERIA - TERMINO TEMÁTICO |
| Término temático o nombre geográfico como elemento de entrada |
Creación |
| 9 (RLIN) |
251 |
| 906 ## - LOCAL DATA ELEMENT F, LDF (RLIN) |
| a |
7 |
| b |
cbc |
| c |
orignew |
| d |
1 |
| e |
ocip |
| f |
19 |
| g |
y-gencatlg |
| 942 ## - TIPO DE MATERIAL (KOHA) |
| Tipo de Item KOHA |
Libros General |